000 00426nam a2200169Ia 4500
008 230711s9999||||xx |||||||||||||| ||und||
041 _aENG
082 _a624
_bCU-P
100 _aCurtin,W.G
245 0 _aStructural Foundation Designers' Manual
250 _a1st Ed.
260 _c1994
_aNew Delhi
_bBlackwell Scientific Publications
300 _a377
650 _aCivil Engineering
700 _aShaw,Gerry
942 _cBK
999 _c2764
_d2764